Online Catalogue and eLibrary

Kanthawan sathu neethimaya ayitheen pilibanda athpotha (Record no. 5097)

MARC details
000 -LEADER
fixed length control field 00406nam a2200157Ia 4500
005 - DATE AND TIME OF LATEST TRANSACTION
control field 20250626022153.0
008 - FIXED-LENGTH DATA ELEMENTS--GENERAL INFORMATION
fixed length control field 240331s9999 xx 000 0 und d
020 ## - INTERNATIONAL STANDARD BOOK NUMBER
ISBN 9559261096
082 ## - DDC Classification
Item Number - Author Mark KAN
Class No. 340
100 ## - MAIN ENTRY--PERSONAL NAME
Personal name Ariyarathne,R
245 #0 - TITLE STATEMENT
Title Kanthawan sathu neethimaya ayitheen pilibanda athpotha
260 ## - PUBLICATION, DISTRIBUTION, ETC.
Place of publication, distribution, etc. Colombo
Name of publisher, distributor, etc. WERC
Date of publication, distribution, etc. 1998
300 ## - PHYSICAL DESCRIPTION
Extent (e.g. Volumes, Pages etc.) 97 p .,
500 ## - GENERAL NOTE
General note Legal Rights For Women
942 ## - Koha item type (Biblio)
Koha item type Books in Stacks (Lending)
Holdings
Lost status Damaged status Collection code Home library Current library Shelving location Date acquired Full call number Accession Number Item type
    Lending WERC Library WERC Library Social Science Cupboard 03/31/2024 346 KAN 4402 Books in Stacks (Lending)

© WERC Library